تا ر يخ عشق (Record no. 169592)

MARC details
000 -LEADER
fixed length control field 00625nam a22001937a 4500
005 - DATE AND TIME OF LATEST TRANSACTION
control field 20191126121704.0
010 ## - LCCN (DPL NO)
LC control number UR-10619
020 ## - INTERNATIONAL STANDARD BOOK NUMBER
Terms of availability 250.00
International Standard Book Number 9789389358629
035 ## - SYSTEM CONTROL NUMBER
System control number U-9174
037 ## - SOURCE OF ACQUISITION
Source of stock number/acquisition DBAD/PUB
Stock number -
082 ## - DEWEY DECIMAL CLASSIFICATION NUMBER
Classification number 441
100 ## - MAIN ENTRY--PERSONAL NAME
Personal name شا د ا ب ا لفت
245 ## - TITLE STATEMENT
Title تا ر يخ عشق
Statement of responsibility, etc شا د ا ب ا لفت
246 ## - VARYING FORM OF TITLE
Remainder of title Tarikh-e-Ishq (Urdu)
Title proper/short title byShadab Ulfat
260 ## - PUBLICATION, DISTRIBUTION, ETC. (IMPRINT)
Place of publication, distribution, etc Delhi
Name of publisher, distributor, etc Educational Publishing House
Date of publication, distribution, etc 2019 ء
270 ## - ADDRESS
Address 3191,Vakil Street, Kucha Pandit,Lal Kuan,
City Delhi
Postal code 110006
Telephone number 01123216162
Fax number -
300 ## - PHYSICAL DESCRIPTION
Extent 136 ص
Dimensions 22 Cm(Hb)
942 ## - ADDED ENTRY ELEMENTS (KOHA)
Source of classification or shelving scheme Dewey Decimal Classification
Item type Urdu Bks
Classification part 841
Call number suffix ش ا د
Holdings
Withdrawn status Lost status Not for loan Collection code Home library Current library Date acquired Source of acquisition Cost, normal purchase price Full call number Barcode Copy number Cost, replacement price Koha item type
    Not For Loan Non-fiction D.B.Act.Division D.B.Act.Division 26/11/2019 DBAD/PUB 250.00 841 ش ا د U-9174 1 250.00 Urdu Bks

© Delhi Public Library
Hit Counter
free hit counter